GEJALA SOSIAL DAN PENCEGAHAN DALAM KALANGAN REMAJA DI MALAYSIA / (Record no. 169281)

MARC details
000 -LEADER
fixed length control field 01126nam a22003257a 4500
003 - CONTROL NUMBER IDENTIFIER
control field OSt
005 - DATE AND TIME OF LATEST TRANSACTION
control field 20180819161128.0
007 - PHYSICAL DESCRIPTION FIXED FIELD--GENERAL INFORMATION
fixed length control field ta
008 - FIXED-LENGTH DATA ELEMENTS--GENERAL INFORMATION
fixed length control field 180816b my ||||e |||| 00| 0 may d
020 ## - INTERNATIONAL STANDARD BOOK NUMBER
International Standard Book Number 9789672166023
Terms of availability RM55.00
Qualifying information paperback
040 ## - CATALOGING SOURCE
Original cataloging agency PPAK
Language of cataloging eng
Transcribing agency PPAK
Description conventions rda
082 04 - DEWEY DECIMAL CLASSIFICATION NUMBER
Edition number 23
Classification number 305.235595
090 00 - LOCALLY ASSIGNED LC-TYPE CALL NUMBER (OCLC); LOCAL CALL NUMBER (RLIN)
Classification number (OCLC) (R) ; Classification number, CALL (RLIN) (NR) 305.235595
Feature heading GEJ
Feature heading G
245 10 - TITLE STATEMENT
Title GEJALA SOSIAL DAN PENCEGAHAN DALAM KALANGAN REMAJA DI MALAYSIA /
Statement of responsibility, etc. Editor : BALAN RATHAKRISHNAN, SYAIDATUN NAZIRAH ABU ZAHRIN, REZKI PERDANI SAWAI
264 #1 - PRODUCTION, PUBLICATION, DISTRIBUTION, MANUFACTURE, AND COPYRIGHT NOTICE
Place of production, publication, distribution, manufacture Kota Kinabalu, Sabah :
Name of producer, publisher, distributor, manufacturer Penerbit Universiti Malaysia Sabah ;
Date of production, publication, distribution, manufacture, or copyright notice [2017?]
Date of production, publication, distribution, manufacture, or copyright notice © 2017
300 ## - PHYSICAL DESCRIPTION
Extent xvii, 210 pages :
Dimensions 25 cm
336 ## - CONTENT TYPE
Source rdacontent
Content type term text
337 ## - MEDIA TYPE
Source rdamedia
Media type term unmediated
338 ## - CARRIER TYPE
Source rdacarrier
Carrier type term volume
500 ## - GENERAL NOTE
General note Includes glossary and indexes
504 ## - BIBLIOGRAPHY, ETC. NOTE
Linkage Bibliography : pages 193-207
650 10 - SUBJECT ADDED ENTRY--TOPICAL TERM
Topical term or geographic name entry element Teenagers
Form subdivision Malaysia
Topical term or geographic name entry element Social case work with teenagers
Form subdivision Malaysia
Topical term or geographic name entry element Social problems
700 0# - ADDED ENTRY--PERSONAL NAME
Personal name Balan Rathakrishan,
Relator term editor.
Personal name Syaidatun Nazirah Abu Zahrin,
Relator term editor.
Personal name Rezki Perdani Sawai,
Relator term editor
942 ## - ADDED ENTRY ELEMENTS (KOHA)
Source of classification or shelving scheme Dewey Decimal Classification
Koha item type Book
Holdings
Withdrawn Not for loan Current library Shelving location Date acquired Total Checkouts Full call number Barcode Date last seen Date last checked out Koha item type Checked out
    Perpustakaan Alor Setar Pinjaman Dewasa 05/09/2018 3 305.235595 GEJ A01576425 06/09/2021 11/08/2021 Book  
    Perpustakaan Alor Setar Pinjaman Dewasa 05/09/2018   305.235595 GEJ A01576426 05/09/2018   Book  
    Perpustakaan Awam Sungai Petani Pinjaman Dewasa 26/11/2018 1 305.235595 GEJ A01576427 06/01/2024 06/01/2024 Book 27/01/2024
    Perpustakaan Jitra Pinjaman Dewasa 05/09/2018 2 305.235595 GEJ A01576428 26/04/2023 29/03/2023 Book  
    Perpustakaan Kulim Pinjaman Dewasa 05/09/2018 1 305.235595 GEJ A01576430 02/11/2019 22/10/2019 Book  
    Perpustakaan Langkawi Pinjaman Dewasa 05/09/2018   305.235595 GEJ A01576429 05/09/2018   Book